|
|
|
|
| LEADER |
00919nta a2200205 i 4500 |
| 001 |
dipl94052 |
| 005 |
20201013062644.0 |
| 008 |
201012s2017 hu om 0|| zxx d |
| 040 |
|
|
|a SZTE Diploma Repozitórium
|b hun
|
| 041 |
|
|
|a zxx
|
| 100 |
1 |
|
|a Bélteki Berta
|
| 245 |
1 |
2 |
|a A vízilabda sport a vállövi-vállízületi komplexumra és a testtartásra gyakorolt negatív hatásainak bemutatása egy esettanulmányon keresztül
|h [elektronikus dokumentum] /
|c Berta Bélteki
|
| 246 |
1 |
0 |
|a The waterpolo caused negative effects on shoulder joint comlex and posture by a case study
|h [elektronikus dokumentum]
|
| 260 |
|
|
|c 2017
|
| 650 |
|
4 |
|a Orvos- és egészségtudományok
|
| 650 |
|
4 |
|a Medical and health sciences
|
| 650 |
|
4 |
|a Health sciences
|
| 650 |
|
4 |
|a Sport and fitness sciences
|
| 700 |
2 |
|
|a Ulrichné Varga Rita
|e ths
|
| 856 |
4 |
0 |
|u http://diploma.bibl.u-szeged.hu/id/eprint/94052/1/2017_belteki_berta.pdf
|z Dokumentum-elérés
|